[Event "Oberbayern-ch"]
[Site "Groebenzell"]
[Date "2018.05.13"]
[Round "7.2"]
[White "Salvermoser, Bernd"]
[Black "Straub, Juergen"]
[Result "1/2-1/2"]
[WhiteElo "2191"]
[BlackElo "2068"]
[PlyCount "82"]
[EventDate "2018.05.10"]
[EventType "swiss"]
[EventRounds "7"]
[EventCountry "GER"]
[SourceTitle "EXT 2022"]
[Source "ChessBase"]
[SourceDate "2021.10.06"]
[SourceVersion "1"]
[SourceVersionDate "2021.10.06"]
[SourceQuality "1"]

1. d4 Nf6 2. c4 e6 3. Nc3 Bb4 4. Qc2 0-0 5. a3 Bxc3+ 6. Qxc3 b6 7. Bg5 Bb7 8. e3 d6 9. Nh3 Nbd7 10. f3 c5 11. Be2 Rc8 12. e4 h6 13. Be3 d5 14. cxd5 exd5 15. e5 Nh7 16. 0-0 Nxe5 17. dxc5 bxc5 18. Qxe5 Re8 19. Qc3 d4 20. Bxd4 cxd4 21. Qd2 Qb6 22. Nf2 Nf6 23. Rfc1 Rcd8 24. Bd3 Nd5 25. Be4 Ba6 26. Nd3 Bxd3 27. Qxd3 Nf4 28. Qd2 d3+ 29. Kh1 Ne2 30. Rf1 Nd4 31. Rad1 Nb3 32. Qc3 d2 33. Bc2 Re3 34. Qb4 Qxb4 35. axb4 Rd4 36. h3 Rxb4 37. Rf2 Re1+ 38. Kh2 Rxd1 39. Bxd1 Rd4 40. Bxb3 d1Q 41. Bxd1 Rxd1 1/2-1/2

[Event "Bayern-ch"]
[Site "Rosenheim"]
[Date "2017.08.24"]
[Round "7"]
[White "Straub, Juergen"]
[Black "Kleibel, Uwe"]
[Result "1/2-1/2"]
[WhiteElo "2173"]
[BlackElo "2187"]
[PlyCount "47"]
[EventDate "2017.08.20"]
[EventType "swiss"]
[EventRounds "9"]
[EventCountry "GER"]
[SourceTitle "EXT 2019"]
[Source "ChessBase"]
[SourceDate "2018.10.10"]
[SourceVersion "1"]
[SourceVersionDate "2018.10.10"]
[SourceQuality "1"]

1. d4 d6 2. e4 Nf6 3. Bd3 e5 4. Ne2 exd4 5. Nxd4 d5 6. exd5 Nxd5 7. 0-0 Be7 8. Nf5 Bxf5 9. Bxf5 0-0 10. Qd3 Nf6 11. Nc3 Qxd3 12. Bxd3 c6 13. Re1 Re8 14. Bg5 Nbd7 15. Rad1 h6 16. Bh4 Kf8 17. Bf5 Nb6 18. Kf1 Rad8 19. Rxd8 Rxd8 20. Rd1 Rxd1+ 21. Nxd1 Nfd5 22. Bxe7+ Kxe7 23. a3 Kf6 24. Bd3 1/2-1/2

[Event "Bayern-ch"]
[Site "Rosenheim"]
[Date "2017.08.23"]
[Round "5"]
[White "Straub, Juergen"]
[Black "Golder, Waldemar"]
[Result "1/2-1/2"]
[WhiteElo "2173"]
[BlackElo "2081"]
[PlyCount "74"]
[EventDate "2017.08.20"]
[EventType "swiss"]
[EventRounds "9"]
[EventCountry "GER"]
[SourceTitle "EXT 2019"]
[Source "ChessBase"]
[SourceDate "2018.10.10"]
[SourceVersion "1"]
[SourceVersionDate "2018.10.10"]
[SourceQuality "1"]

1. e4 e5 2. Nf3 Nc6 3. Bb5 a6 4. Ba4 Nf6 5. 0-0 Be7 6. Qe2 b5 7. Bb3 0-0 8. c3 d6 9. a4 Rb8 10. d4 b4 11. Bc2 Re8 12. dxe5 Nxe5 13. Nxe5 dxe5 14. Rd1 Bd6 15. Nd2 Qe7 16. Nb3 Bg4 17. f3 Be6 18. Na5 Bc5+ 19. Kh1 Rb6 20. Nc4 Nh5 21. g3 Bxc4 22. Qxc4 Rg6 23. g4 Nf4 24. Bb3 bxc3 25. bxc3 h5 26. Bxf4 exf4 27. Rd5 hxg4 28. Rxc5 Rh6 29. Rxc7 Rxh2+ 30. Kg1 Rh1+ 31. Kxh1 Qh4+ 32. Kg1 Qg3+ 33. Kf1 Qxf3+ 34. Kg1 Qg3+ 35. Kf1 Qf3+ 36. Kg1 Qg3+ 37. Kf1 Qf3+ 1/2-1/2

[Event "Oberbayern-ch"]
[Site "Hochstaett am Inn"]
[Date "2017.05.28"]
[Round "5.5"]
[White "Straub, Juergen"]
[Black "Bergerhoff, Andreas"]
[Result "0-1"]
[WhiteElo "2121"]
[BlackElo "1988"]
[PlyCount "92"]
[EventDate "2017.05.28"]
[EventType "swiss"]
[EventRounds "7"]
[EventCountry "GER"]
[SourceTitle "EXT 2022"]
[Source "ChessBase"]
[SourceDate "2021.10.06"]
[SourceVersion "1"]
[SourceVersionDate "2021.10.06"]
[SourceQuality "1"]

1. c4 c5 2. Nf3 Nc6 3. Nc3 g6 4. g3 Bg7 5. Bg2 d6 6. 0-0 e5 7. a3 f5 8. d3 Nge7 9. Rb1 Be6 10. Bd2 h6 11. b4 Qd7 12. Ne1 g5 13. Nd5 f4 14. Qa4 Nxd5 15. cxd5 Nd4 16. Qxd7+ Bxd7 17. e3 Ne2+ 18. Kh1 g4 19. exf4 exf4 20. gxf4 b6 21. Be4 0-0 22. Ng2 Rae8 23. Rfe1 Nd4 24. Bc1 Nf3 25. Re2 h5 26. Bb2 h4 27. Bxg7 Kxg7 28. h3 Nd4 29. Ra2 gxh3 30. Ne3 Rxf4 31. Rg1+ Kh8 32. Rg6 Bf5 33. Nxf5 Nxf5 34. Bxf5 Rxf5 35. Rxd6 Ree5 36. bxc5 bxc5 37. Rh6+ Kg7 38. Rxh4 Rf3 39. Rb2 Rxd5 40. Rb7+ Kf6 41. Rhh7 Ke5 42. Rh5+ Kd4 43. Rxd5+ Kxd5 44. Rxa7 Rxf2 45. a4 Ra2 46. a5 Kd4 0-1

[Event "Oberbayern-ch"]
[Site "Hochstaett am Inn"]
[Date "2017.05.28"]
[Round "7.6"]
[White "Straub, Juergen"]
[Black "Nikutowski, Oliver"]
[Result "1-0"]
[WhiteElo "2121"]
[BlackElo "1993"]
[PlyCount "113"]
[EventDate "2017.05.28"]
[EventType "swiss"]
[EventRounds "7"]
[EventCountry "GER"]
[SourceTitle "EXT 2022"]
[Source "ChessBase"]
[SourceDate "2021.10.06"]
[SourceVersion "1"]
[SourceVersionDate "2021.10.06"]
[SourceQuality "1"]

1. e4 c5 2. Nf3 d6 3. Bb5+ Bd7 4. Bxd7+ Qxd7 5. 0-0 Nc6 6. b3 Nf6 7. Re1 e5 8. c3 g6 9. d4 Bg7 10. dxc5 dxc5 11. Qxd7+ Nxd7 12. Na3 0-0 13. Bg5 f6 14. Rad1 Rfd8 15. Be3 b6 16. Rd6 Rac8 17. Red1 Nf8 18. Nc4 Ne6 19. a4 Bf8 20. R6d5 Kf7 21. Kf1 Ke8 22. Ke2 Nc7 23. Rxd8+ Rxd8 24. g4 Rxd1 25. Kxd1 Kd7 26. g5 Be7 27. Kc2 Ne8 28. Kd3 Ke6 29. gxf6 Bxf6 30. Bh6 Nd8 31. b4 cxb4 32. cxb4 Nf7 33. Be3 Ned6 34. Nxd6 Kxd6 35. b5 g5 36. h3 h5 37. Nh2 Nd8 38. Nf1 Ne6 39. Ng3 Ng7 40. f3 Be7 41. Kc4 Ke6 42. Bd2 Bd8 43. Bc1 Be7 44. Be3 Bd8 45. a5 h4 46. Nh1 Nh5 47. a6 Nf4 48. Bxf4 gxf4 49. Nf2 Be7 50. Nd1 Bc5 51. Nc3 Be7 52. Nd5 Bc5 53. Nc7+ Kd6 54. Ne8+ Kd7 55. Ng7 Be7 56. Kd5 Bf6 57. Nf5 1-0

[Event "Bayern-ch"]
[Site "Bad Griesbach"]
[Date "2016.08.24"]
[Round "5"]
[White "Straub, Juergen"]
[Black "Blodig, Constantin"]
[Result "1-0"]
[WhiteElo "2203"]
[BlackElo "2087"]
[PlyCount "115"]
[EventDate "2016.08.21"]
[EventType "swiss"]
[EventRounds "9"]
[EventCountry "GER"]
[SourceTitle "EXT 2022"]
[Source "ChessBase"]
[SourceDate "2021.10.06"]
[SourceVersion "1"]
[SourceVersionDate "2021.10.06"]
[SourceQuality "1"]

1. e4 c5 2. Nf3 d6 3. Bb5+ Nd7 4. 0-0 a6 5. Bxd7+ Bxd7 6. Re1 Nf6 7. Nc3 e6 8. d3 Be7 9. e5 dxe5 10. Nxe5 0-0 11. Qf3 Bc8 12. a4 Nd5 13. a5 Bf6 14. Nxd5 Qxd5 15. Nc4 Ra7 16. Bf4 b5 17. axb6 Rd7 18. Be5 Bb7 19. Qxd5 exd5 20. Na5 Bxe5 21. Rxe5 f6 22. Ree1 Rb8 23. b3 Kf7 24. Nxb7 Rdxb7 25. Ra5 c4 26. dxc4 dxc4 27. Rxa6 cxb3 28. cxb3 Rxb6 29. Rxb6 Rxb6 30. Re3 h5 31. g3 Rb4 32. Kf1 Rb5 33. Ke2 g5 34. Kd2 Kg6 35. h3 Rb6 36. Kc3 Rc6+ 37. Kd3 Rc8 38. b4 Rd8+ 39. Kc4 Rc8+ 40. Kd5 Rb8 41. Kc5 Rc8+ 42. Kd6 Rb8 43. Rb3 Rd8+ 44. Kc7 Rd2 45. b5 Rxf2 46. b6 Rc2+ 47. Kd7 Rd2+ 48. Ke7 Re2+ 49. Kf8 Rd2 50. b7 Rd8+ 51. Ke7 Rb8 52. Rb5 f5 53. Rb6+ Kg7 54. Kd7 g4 55. hxg4 hxg4 56. Kc7 Rf8 57. b8Q Rxb8 58. Kxb8 1-0

[Event "Bayern-ch"]
[Site "Rosenheim"]
[Date "2015.08.25"]
[Round "6"]
[White "Straub, Juergen"]
[Black "Kleibel, Uwe"]
[Result "0-1"]
[WhiteElo "2202"]
[BlackElo "2195"]
[PlyCount "66"]
[EventDate "2015.08.22"]
[EventType "swiss"]
[EventRounds "9"]
[EventCountry "GER"]
[SourceTitle "EXT 2019"]
[Source "ChessBase"]
[SourceDate "2018.10.10"]
[SourceVersion "1"]
[SourceVersionDate "2018.10.10"]
[SourceQuality "1"]

1. c4 c5 2. Nf3 g6 3. Nc3 Bg7 4. d4 cxd4 5. Nxd4 Nc6 6. e3 Nf6 7. Be2 d5 8. cxd5 Nxd5 9. Nxc6 bxc6 10. Bd2 Rb8 11. Qc1 Nb4 12. Qb1 Ba6 13. Bxa6 Nxa6 14. Na4 Nb4 15. Bxb4 Rxb4 16. Qc2 Qd5 17. 0-0 Qb5 18. Nc3 Rxb2 19. Nxb5 Rxc2 20. Nd4 Bxd4 21. exd4 Kd7 22. Rfb1 Kc7 23. Rb4 Rb8 24. Ra4 Rbb2 25. Rxa7+ Kd6 26. Re1 Rxa2 27. Raxe7 Rxf2 28. g3 Rg2+ 29. Kh1 Rxh2+ 30. Kg1 Rag2+ 31. Kf1 Rf2+ 32. Kg1 Rhg2+ 33. Kh1 Rxg3 0-1

[Event "Bayern-ch"]
[Site "Rosenheim"]
[Date "2015.08.24"]
[Round "4"]
[White "Straub, Juergen"]
[Black "Stadler, Alexander"]
[Result "1/2-1/2"]
[WhiteElo "2202"]
[BlackElo "2079"]
[PlyCount "93"]
[EventDate "2015.08.22"]
[EventType "swiss"]
[EventRounds "9"]
[EventCountry "GER"]
[SourceTitle "EXT 2019"]
[Source "ChessBase"]
[SourceDate "2018.10.10"]
[SourceVersion "1"]
[SourceVersionDate "2018.10.10"]
[SourceQuality "1"]

1. e4 d6 2. d4 Nf6 3. Nc3 e5 4. Nge2 Be7 5. g3 c6 6. a4 exd4 7. Nxd4 d5 8. e5 Ne4 9. Nxe4 dxe4 10. Be3 Qa5+ 11. Qd2 Qxe5 12. Bf4 Qd5 13. Bg2 Na6 14. f3 c5 15. Nb5 Qxd2+ 16. Kxd2 exf3 17. Bxf3 0-0 18. Rae1 Bf6 19. Kc1 g5 20. Bd6 Rd8 21. Be7 Bxe7 22. Rxe7 c4 23. Rhe1 Kf8 24. Bxb7 Bxb7 25. Rxb7 Nc5 26. Rc7 Rdc8 27. Ree7 Rxc7 28. Rxc7 Nxa4 29. Rxc4 Nb6 30. Rc5 h6 31. Rc7 Nd5 32. Rd7 Nf6 33. Rxa7 Rxa7 34. Nxa7 Ng4 35. h4 Ne3 36. hxg5 hxg5 37. b4 Ke7 38. Nc6+ Kd6 39. Nd4 Kd5 40. Ne2 Kc4 41. Kd2 Nd5 42. c3 f5 43. b5 f4 44. gxf4 gxf4 45. Nxf4 Nxc3 46. b6 Ne4+ 47. Ke3 1/2-1/2

[Event "Bayern-ch"]
[Site "Rosenheim"]
[Date "2015.08.22"]
[Round "1"]
[White "Nagy, Laszlo3333"]
[Black "Straub, Juergen"]
[Result "1/2-1/2"]
[WhiteElo "1950"]
[BlackElo "2202"]
[PlyCount "33"]
[EventDate "2015.08.22"]
[EventType "swiss"]
[EventRounds "9"]
[EventCountry "GER"]
[SourceTitle "EXT 2019"]
[Source "ChessBase"]
[SourceDate "2018.10.10"]
[SourceVersion "1"]
[SourceVersionDate "2018.10.10"]
[SourceQuality "1"]

1. d4 Nf6 2. c4 e6 3. Nf3 b6 4. a3 Bb7 5. Nc3 Be7 6. Qc2 d5 7. cxd5 exd5 8. Bg5 0-0 9. g3 Nbd7 10. Bg2 c5 11. 0-0 Rc8 12. Bh3 cxd4 13. Nxd4 Rc4 14. Nf5 h6 15. Nxe7+ Qxe7 16. Bxf6 Nxf6 17. Qd3 1/2-1/2

[Event "Bayern-ch"]
[Site "Rosenheim"]
[Date "2014.08.24"]
[Round "3"]
[White "Stadler, Alexander"]
[Black "Straub, Juergen"]
[Result "1/2-1/2"]
[WhiteElo "2109"]
[BlackElo "2201"]
[PlyCount "113"]
[EventDate "2014.08.23"]
[EventType "swiss"]
[EventRounds "9"]
[EventCountry "GER"]
[SourceTitle "EXT 2015"]
[Source "ChessBase"]
[SourceDate "2014.11.20"]
[SourceVersion "1"]
[SourceVersionDate "2014.11.20"]
[SourceQuality "1"]

1. d4 Nf6 2. Nf3 e6 3. c4 b6 4. g3 Bb7 5. Bg2 Bb4+ 6. Nbd2 0-0 7. 0-0 d5 8. a3 Be7 9. Qc2 Nbd7 10. cxd5 exd5 11. Rd1 a5 12. Nb1 c5 13. Nc3 Qc8 14. Bf4 Rd8 15. Rac1 h6 16. Ne5 cxd4 17. Nxd5 Bxd5 18. Qxc8 Raxc8 19. Nxd7 Bxg2 20. Nxf6+ Bxf6 21. Kxg2 d3 22. Rxd3 Bxb2 23. Rxc8 Rxc8 24. Rb3 Rc2 25. Kf3 a4 26. Rxb6 Bxa3 27. Ra6 Rc4 28. Bd6 Rc3+ 29. Ke4 Bxd6 30. Rxd6 Rc2 31. Kd3 Ra2 32. Ra6 a3 33. Ke3 h5 34. Kf3 g6 35. h3 Kg7 36. g4 hxg4+ 37. hxg4 f6 38. Ra7+ Kh6 39. Rf7 Kg5 40. Kg3 Rxe2 41. f4+ Kh6 42. Rxf6 Kg7 43. Ra6 Re3+ 44. Kh4 Rb3 45. Ra7+ Kf6 46. Ra6+ Kg7 47. Kg5 Rb5+ 48. f5 gxf5 49. gxf5 Rb7 50. Rxa3 Rb6 51. Ra7+ Kf8 52. Rh7 Kg8 53. Re7 Kf8 54. Re6 Rxe6 55. fxe6 Ke7 56. Kf5 Ke8 57. Kf6 1/2-1/2

[Event "Oberbayern-ch"]
[Site "Rosenheim"]
[Date "2014.06.01"]
[Round "7.1"]
[White "Straub, Juergen"]
[Black "Grawe, Christian"]
[Result "1/2-1/2"]
[WhiteElo "2169"]
[BlackElo "2246"]
[PlyCount "166"]
[EventDate "2014.05.29"]
[EventType "swiss"]
[EventRounds "7"]
[EventCountry "GER"]
[SourceTitle "EXT 2022"]
[Source "ChessBase"]
[SourceDate "2021.10.06"]
[SourceVersion "1"]
[SourceVersionDate "2021.10.06"]
[SourceQuality "1"]

1. c4 e5 2. Nc3 Nf6 3. Nf3 Nc6 4. d3 Bb4 5. Bd2 0-0 6. g3 Re8 7. Bg2 h6 8. 0-0 d6 9. Rc1 Rb8 10. a3 Bxc3 11. Bxc3 Bf5 12. b4 Qd7 13. d4 e4 14. d5 Nxb4 15. axb4 exf3 16. Bxf3 Ne4 17. Qd4 Nxc3 18. Rxc3 a6 19. c5 Qe7 20. Rfc1 Rbc8 21. Qf4 Qg5 22. Qxg5 hxg5 23. g4 Bd7 24. e3 Ra8 25. Ra1 Rec8 26. h3 Kf8 27. Be2 Be8 28. Bd3 g6 29. Ra5 Ke7 30. Rca3 Rab8 31. c6 bxc6 32. Bxa6 Rd8 33. dxc6 Rxb4 34. Bb7 Rc4 35. Rxg5 Bxc6 36. Bxc6 Rxc6 37. h4 Rh8 38. h5 gxh5 39. gxh5 Rc5 40. Rxc5 dxc5 41. Ra6 Rxh5 42. Rc6 Kd7 43. Rf6 c4 44. Rxf7+ Kc6 45. Kf1 c3 46. Ke2 Rd5 47. Rf4 Rd2+ 48. Ke1 Kb5 49. Rd4 Rxf2 50. Kd1 c5 51. Rf4 Rd2+ 52. Kc1 Re2 53. Re4 c4 54. Re8 c2 55. Rd8 Kb4 56. Rd2 Rxe3 57. Kxc2 Ra3 58. Rd8 Ra2+ 59. Kb1 Rh2 60. Rb8+ Kc3 61. Rc8 Rh1+ 62. Ka2 Rc1 63. Rh8 Rd1 64. Rc8 Rd2+ 65. Kb1 Rb2+ 66. Kc1 Rb7 67. Rh8 Kb3 68. Rh3+ c3 69. Rh8 Rb4 70. Rc8 Rb7 71. Rh8 Rd7 72. Rb8+ Kc4 73. Rc8+ Kd3 74. Rh8 Rd4 75. Rh3+ Kc4 76. Rh8 Kb3 77. Rb8+ Rb4 78. Rc8 Rc4 79. Rxc4 Kxc4 80. Kc2 Kd4 81. Kc1 Kd3 82. Kd1 c2+ 83. Kc1 Kc3 1/2-1/2

[Event "Landesliga Sued 1314"]
[Site "Bayern"]
[Date "2014.01.19"]
[Round "5.4"]
[White "Wisnet, Dominic"]
[Black "Straub, Juergen"]
[Result "1/2-1/2"]
[WhiteElo "2166"]
[BlackElo "2201"]
[PlyCount "220"]
[EventDate "2013.10.13"]
[EventType "team-tourn"]
[EventRounds "9"]
[EventCountry "GER"]
[SourceTitle "EXT 2015"]
[Source "ChessBase"]
[SourceDate "2014.11.20"]
[SourceVersion "1"]
[SourceVersionDate "2014.11.20"]
[SourceQuality "1"]
[WhiteTeam "Roehrnbach"]
[BlackTeam "Ingolstadt"]
[WhiteTeamCountry "GER"]
[BlackTeamCountry "GER"]

1. e4 c5 2. Nc3 Nc6 3. g3 g6 4. Bg2 Bg7 5. Nge2 e6 6. d3 Nge7 7. Be3 Nd4 8. 0-0 0-0 9. Rb1 b6 10. Qd2 Bb7 11. Nf4 Qc7 12. Nd1 f5 13. c3 e5 14. Nh3 Ne6 15. f4 d5 16. exd5 Nxd5 17. fxe5 Bxe5 18. Bh6 Bg7 19. Bxg7 Qxg7 20. Ndf2 Rae8 21. Rbe1 h6 22. Re2 Nd8 23. Rfe1 Rxe2 24. Rxe2 g5 25. Re1 f4 26. Be4 fxg3 27. hxg3 Nf6 28. Bxb7 Qxb7 29. Re5 Nc6 30. Re6 Nd8 31. Re5 Nc6 32. Re2 Qd7 33. a3 Re8 34. b4 cxb4 35. axb4 Kf7 36. d4 Qd6 37. Kh2 Rxe2 38. Qxe2 Qe6 39. Qd3 Kg7 40. Qa6 Qd7 41. Qe2 a5 42. bxa5 Nxa5 43. Ng1 Qc7 44. Nf3 Nc4 45. Qe6 Qf7 46. Qe2 Qd5 47. Qe7+ Qf7 48. Qe2 Qd5 49. Kg1 b5 50. Qe7+ Qf7 51. Qe2 Qc7 52. Kg2 Qb7 53. Kh2 Qd7 54. Kg2 Qb7 55. Kh2 Qd7 56. Qe1 Kf7 57. Ne5+ Nxe5 58. dxe5 Ng4+ 59. Nxg4 Qxg4 60. Qf1+ Ke6 61. Qf6+ Kd7 62. Qd6+ Ke8 63. Qg6+ Ke7 64. Qd6+ Ke8 65. Qb8+ Ke7 66. Qxb5 h5 67. Qc5+ Ke8 68. Qc6+ Ke7 69. Qd6+ Ke8 70. Qg6+ Ke7 71. Qf6+ Ke8 72. Qc6+ Ke7 73. Qb7+ Ke8 74. Qa8+ Ke7 75. Qa3+ Ke8 76. Qa8+ Ke7 77. Qb7+ Ke8 78. Qb5+ Ke7 79. Qc5+ Ke8 80. Qe3 h4 81. gxh4 Qxh4+ 82. Kg2 Qg4+ 83. Kf2 Qf5+ 84. Kg3 Ke7 85. Qd4 Qf1 86. Qd6+ Ke8 87. Qc6+ Ke7 88. Qc5+ Ke8 89. Kg4 Qf4+ 90. Kh5 g4 91. Qc6+ Ke7 92. Qc7+ Ke8 93. Qb8+ Ke7 94. Qc7+ Ke8 95. Qb8+ Ke7 96. Qd6+ Ke8 97. Qg6+ Ke7 98. Qg7+ Ke8 99. Qg6+ Ke7 100. Qd6+ Ke8 101. Qc6+ Ke7 102. Qc7+ Ke8 103. Kh4 g3+ 104. Kh3 Qf3 105. Qb8+ Ke7 106. Qb4+ Kd8 107. Qh4+ Kd7 108. Qxg3 Qh5+ 109. Qh4 Qxh4+ 110. Kxh4 Ke6 1/2-1/2

[Event "Landesliga Sued 1314"]
[Site "Bayern"]
[Date "2013.10.13"]
[Round "1.4"]
[White "Pitl, Gregory"]
[Black "Straub, Juergen"]
[Result "1-0"]
[WhiteElo "2392"]
[BlackElo "2201"]
[PlyCount "75"]
[EventDate "2013.10.13"]
[EventType "team-tourn"]
[EventRounds "9"]
[EventCountry "GER"]
[SourceTitle "EXT 2015"]
[Source "ChessBase"]
[SourceDate "2014.11.20"]
[SourceVersion "1"]
[SourceVersionDate "2014.11.20"]
[SourceQuality "1"]
[WhiteTeam "Goeggingen"]
[BlackTeam "Ingolstadt"]
[WhiteTeamCountry "GER"]
[BlackTeamCountry "GER"]

1. e4 c5 2. Nf3 e6 3. d4 cxd4 4. Nxd4 Nc6 5. Nc3 Qb6 6. Nb3 Nf6 7. Bd3 Be7 8. Qe2 d6 9. Be3 Qc7 10. 0-0-0 0-0 11. Kb1 a6 12. f4 Nb4 13. g4 b5 14. Rc1 Bb7 15. g5 Ne8 16. Rhg1 Nxd3 17. cxd3 Qd7 18. Qg4 b4 19. Ne2 Qb5 20. Rgd1 Rc8 21. Nbd4 Rxc1+ 22. Bxc1 Qd7 23. Ng3 Bc8 24. Qe2 Nc7 25. Be3 Nb5 26. h4 f5 27. Qc2 Nxd4 28. Bxd4 fxe4 29. dxe4 Rxf4 30. Bxg7 Rxh4 31. Bf6 Rg4 32. Bxe7 Rxg3 33. Bxd6 Rf3 34. Bxb4 Qe8 35. Qc7 Rf7 36. Qe5 Rd7 37. Rc1 Bb7 38. Bc3 1-0

[Event "Munich OIS op 33rd"]
[Site "Munich"]
[Date "2013.10.05"]
[Round "8"]
[White "Straub, Juergen"]
[Black "Guttenthaler, Franz"]
[Result "0-1"]
[WhiteElo "2218"]
[BlackElo "2183"]
[PlyCount "42"]
[EventDate "2013.09.28"]
[EventType "swiss"]
[EventRounds "9"]
[EventCountry "GER"]
[SourceTitle "CBM 156 Extra"]
[Source "ChessBase"]
[SourceDate "2013.10.22"]
[SourceVersion "1"]
[SourceVersionDate "2013.10.22"]
[SourceQuality "1"]

1. c4 e5 2. Nc3 Nc6 3. g3 Bc5 4. Bg2 a6 5. e3 d6 6. Nge2 Ba7 7. 0-0 h5 8. d4 h4 9. f3 hxg3 10. hxg3 Nh6 11. d5 Ne7 12. Kf2 Ng6 13. Rh1 f5 14. Ke1 Qf6 15. Qc2 Bd7 16. Bd2 0-0-0 17. b4 e4 18. fxe4 Ng4 19. Nd4 Rxh1+ 20. Bxh1 Rh8 21. Bg2 Rh2 0-1

[Event "Bayern-ch"]
[Site "Westerndorf St Peter"]
[Date "2013.08.30"]
[Round "9.7"]
[White "Mueller, Michael3333"]
[Black "Straub, Juergen"]
[Result "1/2-1/2"]
[WhiteElo "2091"]
[BlackElo "2218"]
[PlyCount "43"]
[EventDate "2013.08.25"]
[EventType "swiss"]
[EventRounds "9"]
[EventCountry "GER"]
[SourceTitle "EXT 2019"]
[Source "ChessBase"]
[SourceDate "2018.10.10"]
[SourceVersion "1"]
[SourceVersionDate "2018.10.10"]
[SourceQuality "1"]

1. e4 b6 2. d4 Bb7 3. Nc3 e6 4. a3 Nf6 5. e5 Nd5 6. Nxd5 Bxd5 7. Nf3 d6 8. Bd3 Nd7 9. 0-0 Be7 10. Re1 0-0 11. Qe2 dxe5 12. Nxe5 c5 13. Nxd7 Qxd7 14. dxc5 Bxc5 15. Be3 Qb7 16. f3 Bd6 17. c4 Bc6 18. Bxh7+ Kxh7 19. Qd3+ Kg8 20. Qxd6 Rfd8 21. Qg3 f6 22. Qg6 1/2-1/2

[Event "Bayern-ch"]
[Site "Westerndorf St Peter"]
[Date "2013.08.28"]
[Round "5.6"]
[White "Straub, Juergen"]
[Black "Krenz, Dieter"]
[Result "1/2-1/2"]
[WhiteElo "2218"]
[BlackElo "2020"]
[PlyCount "107"]
[EventDate "2013.08.25"]
[EventType "swiss"]
[EventRounds "9"]
[EventCountry "GER"]
[SourceTitle "EXT 2019"]
[Source "ChessBase"]
[SourceDate "2018.10.10"]
[SourceVersion "1"]
[SourceVersionDate "2018.10.10"]
[SourceQuality "1"]

1. e4 Nf6 2. e5 Nd5 3. d4 d6 4. Nf3 Bg4 5. Be2 e6 6. 0-0 Be7 7. h3 Bh5 8. c4 Nb6 9. Nc3 0-0 10. Be3 d5 11. b3 dxc4 12. bxc4 c6 13. Qb3 Qc8 14. a4 N6d7 15. Rfb1 b6 16. a5 Na6 17. Bf4 Bg6 18. Rb2 Rd8 19. axb6 axb6 20. Rba2 Nc7 21. Rxa8 Nxa8 22. Ra7 Qb7 23. Qa4 Nc7 24. Ne1 h6 25. Kf1 Bf8 26. Bf3 b5 27. Qa5 Bb4 28. Qxc7 Qxc7 29. Rxc7 Bxc3 30. cxb5 Bxd4 31. bxc6 Nxe5 32. Rb7 Rc8 33. Bxe5 Bxe5 34. Ke2 f6 35. Nd3 Bxd3+ 36. Kxd3 Rc7 37. Rb8+ Kf7 38. Ra8 Ke7 39. Kc4 Kd6 40. Rd8+ Ke7 41. Rd2 Bd6 42. Kb5 Be5 43. Kb6 Bd6 44. Re2 Rc8 45. Bg4 Rb8+ 46. Ka7 e5 47. Rd2 Rf8 48. c7 f5 49. Bxf5 Bxc7 50. Rd7+ Ke8 51. Bg4 Ba5 52. Rd5 Bc3 53. f3 Ke7 54. Rd7+ 1/2-1/2

[Event "Bayern-ch"]
[Site "Westerndorf St Peter"]
[Date "2013.08.27"]
[Round "4.3"]
[White "Baldauf, Marco"]
[Black "Straub, Juergen"]
[Result "1-0"]
[WhiteElo "2412"]
[BlackElo "2218"]
[PlyCount "48"]
[EventDate "2013.08.25"]
[EventType "swiss"]
[EventRounds "9"]
[EventCountry "GER"]
[SourceTitle "EXT 2019"]
[Source "ChessBase"]
[SourceDate "2018.10.10"]
[SourceVersion "1"]
[SourceVersionDate "2018.10.10"]
[SourceQuality "1"]

1. Nf3 b6 2. g3 Bb7 3. Bg2 e5 4. d3 Nf6 5. 0-0 d6 6. Nc3 Be7 7. e4 0-0 8. Nh4 Re8 9. Nf5 Bf8 10. g4 Kh8 11. f4 Ng8 12. g5 g6 13. Ng3 exf4 14. Rxf4 Re7 15. Qf1 Qe8 16. Be3 Bg7 17. Re1 Nd7 18. Qf2 c6 19. d4 f6 20. h4 fxg5 21. hxg5 Nf8 22. Nf5 gxf5 23. exf5 Nf6 24. gxf6 Bxf6 1-0

[Event "Bayern-ch"]
[Site "Westerndorf St Peter"]
[Date "2013.08.26"]
[Round "2.4"]
[White "Nagy, Laszlo3333"]
[Black "Straub, Juergen"]
[Result "1/2-1/2"]
[WhiteElo "1945"]
[BlackElo "2218"]
[PlyCount "109"]
[EventDate "2013.08.25"]
[EventType "swiss"]
[EventRounds "9"]
[EventCountry "GER"]
[SourceTitle "EXT 2019"]
[Source "ChessBase"]
[SourceDate "2018.10.10"]
[SourceVersion "1"]
[SourceVersionDate "2018.10.10"]
[SourceQuality "1"]

1. d4 Nf6 2. c4 e6 3. a3 d5 4. Nc3 Be7 5. Bg5 0-0 6. e3 Nbd7 7. Nf3 h6 8. Bh4 b6 9. Bd3 Bb7 10. Rc1 c5 11. 0-0 Rc8 12. cxd5 exd5 13. Qe2 Ne4 14. Bxe7 Qxe7 15. Nd2 Rfe8 16. Bxe4 dxe4 17. Nb3 Qe6 18. Qd1 Ba6 19. Re1 Bd3 20. Ra1 Qd6 21. f4 Red8 22. dxc5 Nxc5 23. Nxc5 bxc5 24. Qa4 Qd7 25. Qxd7 Rxd7 26. Red1 Rb7 27. Rd2 Rcb8 28. Nd1 Kf8 29. Rc1 c4 30. Rc3 Ke7 31. Kf2 Ke6 32. Ke1 g5 33. Rf2 f5 34. Kd2 Rg8 35. g3 h5 36. fxg5 Rxg5 37. Rf4 Rg4 38. Kc1 Rxf4 39. exf4 h4 40. Ne3 hxg3 41. hxg3 Rg7 42. Nxc4 Rxg3 43. Ne5 Rg1+ 44. Kd2 Rg2+ 45. Ke3 Bb5 46. b4 a6 47. Kd4 Rf2 48. Rh3 Kf6 49. Rh6+ Kg7 50. Rg6+ Kh7 51. a4 Bxa4 52. Rxa6 Bb5 53. Ra5 Bf1 54. Ra1 Bb5 55. Ra5 1/2-1/2

[Event "Landesliga Sued 1213"]
[Site "Bayern"]
[Date "2013.04.14"]
[Round "9.2"]
[White "Mooser, Stefan"]
[Black "Straub, Juergen"]
[Result "1-0"]
[WhiteElo "2208"]
[BlackElo "2163"]
[PlyCount "125"]
[EventDate "2012.10.14"]
[EventType "team-tourn"]
[EventRounds "9"]
[EventCountry "GER"]
[SourceTitle "EXT 2015"]
[Source "ChessBase"]
[SourceDate "2014.11.20"]
[SourceVersion "1"]
[SourceVersionDate "2014.11.20"]
[SourceQuality "1"]
[WhiteTeam "Unterhaching"]
[BlackTeam "Ingolstadt"]
[WhiteTeamCountry "GER"]
[BlackTeamCountry "GER"]

1. e4 b6 2. d4 Bb7 3. Bd3 e6 4. Qe2 d5 5. exd5 Qxd5 6. Nf3 Nf6 7. Nc3 Bb4 8. 0-0 Bxc3 9. bxc3 Qh5 10. c4 Bxf3 11. gxf3 Nc6 12. c3 0-0 13. Kh1 e5 14. f4 Qxe2 15. Bxe2 e4 16. a4 Na5 17. Rb1 Rfe8 18. Be3 Nd7 19. c5 bxc5 20. d5 a6 21. Rfd1 f5 22. Kg2 Red8 23. d6 c6 24. Kg3 Kf8 25. Rd2 Rab8 26. Rdb2 Rxb2 27. Rxb2 c4 28. Rb4 c5 29. Rb1 Kf7 30. f3 Re8 31. Kf2 Ke6 32. fxe4 Kxd6 33. e5+ Kc7 34. Rd1 Re6 35. Rd5 Rh6 36. Kg2 Rg6+ 37. Kf3 Kc6 38. Rd1 Kc7 39. h4 Rb6 40. h5 Rh6 41. Kg3 Rb6 42. Kf2 Nb7 43. Rg1 g6 44. hxg6 hxg6 45. Bxc4 Nd8 46. a5 Rb2+ 47. Kf3 Nc6 48. Bxa6 Rb3 49. Kf2 Rxc3 50. Rxg6 Rc2+ 51. Be2 Ne7 52. Rd6 Ra2 53. a6 Nc6 54. Rh6 c4 55. Rh7 Kd8 56. a7 Nf8 57. Rh8 Ke8 58. Bc5 Ne7 59. Ke3 c3 60. Bh5+ Kd7 61. Rxf8 Nd5+ 62. Kd3 c2 63. Kd2 1-0